[Event "ROM-chT"]
[Site "Timisu de Sus"]
[Date "1998.??.??"]
[Round "1"]
[White "Florean, Andrei"]
[Black "Szuhanek, Ranko"]
[Result "1/2-1/2"]
[WhiteElo "2450"]
[BlackElo "2400"]

1.d4 d5 2.c4 c6 3.Nf3 Nf6 4.Nc3 e6 5.e3 Nbd7 6.Qc2 b6 7.b3 Bb7 8.Bd3 Be7
9.O-O O-O 10.Bb2 Rc8 11.Rfd1 h6 12.Rac1 Qc7 13.Qe2 Qb8 14.Bb1 Rfd8 15.e4 dxe4
16.Nxe4 c5 17.Ng3 Qf4 18.d5 exd5 19.Qxe7 Re8 20.Nh5 Qb8 21.Bh7+ Kxh7 22.Qxf7 Nxh5
23.Qxh5 Qf4 24.cxd5 Nf6 25.Qh4 Nxd5 26.Qxf4 Nxf4 27.Rd7 Ne2+ 28.Kf1 Bxf3
29.Rxg7+ Kh8 30.Rg6+  1/2-1/2

[Event "ROM-chT"]
[Site "Timisu de Sus"]
[Date "1998.??.??"]
[Round "4"]
[White "Zhukova, Natalia"]
[Black "Velcheva, Maria"]
[Result "1-0"]
[WhiteElo "2460"]
[BlackElo "2330"]

1.d4 d5 2.c4 e6 3.Nc3 c6 4.e3 Nf6 5.Nf3 Nbd7 6.Bd3 Be7 7.O-O O-O 8.b3 b6
9.Bb2 Bb7 10.Rc1 c5 11.Qe2 dxc4 12.bxc4 cxd4 13.exd4 Re8 14.Rfd1 Qc7 15.Ne5 Bf8
16.Bc2 a6 17.Rd3 g6 18.Ba4 Red8 19.Nxd7 Nxd7 20.Ne4 Bg7 21.Ng5 h6 22.Nxe6 fxe6
23.Qxe6+ Kh7 24.Qf7 Rf8 25.Qxd7 Qf4 26.f3 Be4 27.g3 Qf6 28.Rb3 b5 29.d5 Qb6+
30.c5 Qa7 31.Qxa7 Rxa7 32.fxe4 bxa4 33.Rb6 Re7 34.Bxg7 Kxg7 35.c6  1-0

[Event "4 Nations-J"]
[Site "Tjele"]
[Date "1998.??.??"]
[Round "1"]
[White "Christenson, Flemming"]
[Black "Molander, Riku"]
[Result "0-1"]
[WhiteElo "2210"]
[BlackElo "2235"]

1.d4 d5 2.c4 c6 3.Nc3 Nf6 4.e3 e6 5.Nf3 Bd6 6.Bd3 O-O 7.e4 dxe4 8.Nxe4 Nxe4
9.Bxe4 c5 10.O-O cxd4 11.Qxd4 f5 12.Bc2 Nc6 13.Qc3 b6 14.Be3 Bb4 15.Qb3 Qc7
16.Rad1 Bc5 17.Bxc5 bxc5 18.Qe3 Qe7 19.Ba4 Bb7 20.Rfe1 Rf6 21.Bxc6 Bxc6 22.Ne5 Rc8
23.Rd2 f4 24.Nxc6 Rxc6 25.Qe5 f3 26.Red1 Rf5 27.Rd8+ Kf7 28.Qb8 Rb6 29.Qc8 Kg6
30.Re8 Qf6 31.g3 Qe5 32.b3 Rd6 33.Rf1 Qe2 34.Rd8 Rf8 35.Rxd6 Rxc8 36.Rfd1 Rf8
37.R6d2 Qe4 38.h3 Rf5 39.Rd3 Re5 40.Re3 Qf5  0-1

[Event "4 Nations-J"]
[Site "Tjele"]
[Date "1998.??.??"]
[Round "2"]
[White "Rylander, Dennis"]
[Black "Molander, Riku"]
[Result "0-1"]
[WhiteElo "2145"]
[BlackElo "2235"]

1.d4 d5 2.c4 c6 3.Nc3 Nf6 4.Nf3 e6 5.e3 Bd6 6.Qc2 Nbd7 7.Be2 O-O 8.O-O Qe7
9.e4 Nxe4 10.Nxe4 dxe4 11.Qxe4 e5 12.dxe5 Nxe5 13.Nxe5 Qxe5 14.Qxe5 Bxe5
15.Be3 Bxb2 16.Rab1 Bf6 17.a4 b6 18.c5 Bf5 19.cxb6 Bxb1 20.b7 Bc2 21.bxa8=Q Rxa8
22.a5 a6 23.Rc1 Ba4 24.Bb6 Bb5 25.Bf3 h6 26.h3 Rc8 27.Bg4 Rb8 28.Bd7 Bd8
29.Bxc6 Bxb6 30.axb6 Rxb6 31.Bxb5 axb5 32.Kf1 h5 33.Ke2 Kh7 34.Rc5 Kg6 35.Kd3 b4
36.Kc2 Rf6 37.f3 Rf4 38.Kb3 h4 39.Rd5 Kf6 40.Rd8 g5 41.Rd5 Kg6 42.Rd7 f6
43.Rd5 Rf5 44.Rd4 Re5 45.f4 Re2 46.fxg5 fxg5 47.g4 hxg3 48.Rg4 g2 49.h4 Kh5
50.Rxg5+ Kxh4 51.Rg8 Kh3 52.Rh8+ Kg3 53.Rg8+ Kf2 54.Rf8+ Ke1  0-1

[Event "4 Nations-J"]
[Site "Tjele"]
[Date "1998.??.??"]
[Round "3"]
[White "Akesson, Joel"]
[Black "Leer Salvesen, Bjarte"]
[Result "1/2-1/2"]
[WhiteElo "2290"]
[BlackElo "2235"]

1.d4 e6 2.c4 d5 3.Nc3 Nf6 4.Nf3 c6 5.e3 Nbd7 6.Bd3 Bd6 7.O-O O-O 8.e4 dxe4
9.Nxe4 Nxe4 10.Bxe4 h6 11.Bc2 e5 12.b3 Re8 13.Re1 Bb4 14.Bd2 Bxd2 15.Qxd2 exd4
16.Qxd4 Nf6 17.Rxe8+ Qxe8 18.Re1 Qf8 19.Ne5 Be6 20.h3 Qd8 21.Qc3 Qb6 22.Ng6 Re8
23.Nh4 Rd8 24.Bf5 Qd4 25.Qxd4 Rxd4 26.Nf3 Rd6 27.c5 Rd5 28.Rxe6 Rxf5 29.Re7 Rxc5
30.Rxb7 a5 31.Nd4 a4 32.bxa4 Rc4 33.Nf5 Rxa4 34.Ne7+ Kf8 35.Nxc6 Rxa2 36.Ne5 Re2
37.Nxf7 Ne4 38.f3 Re1+ 39.Kh2 Nd2 40.Nd6 Rd1 41.Rb8+ Ke7 42.Nf5+ Kf6 43.Rf8+ Kg6
44.Kg3 Nc4 45.Kf4 Rd7 46.Rc8 Nb2 47.Rc6+ Kh7 48.Ke3 Nd1+ 49.Ke2 Nb2 50.Nd6 Na4
51.Ne4 Rb7 52.g4 g6 53.h4 Nb6 54.h5 gxh5 55.Nf6+ Kg7 56.Nxh5+ Kh7 57.Ng3 Nd5
58.Nf5 Rb2+ 59.Kf1 Rb6 60.Rc5 Nf4 61.Rc7+ Kg6 62.Rc4 Kg5 63.Ng3 Rb1+ 64.Kf2 Rb2+
65.Ke3 Rb3+ 66.Ke4 Nd3 67.Nh1 h5 68.gxh5 Kxh5 69.Rd4 Nc5+ 70.Kd5 Rxf3 71.Kxc5 Kg5
72.Rd2 Kf4 73.Ra2 Rc3+ 74.Kd4 Rc8 75.Nf2 Rd8+ 76.Kc3 Rc8+ 77.Kd2 Rh8 78.Nd3+ Ke4
79.Ra4+ Kd5 80.Nf4+ Kc5 81.Kc3 Rh1 82.Nd3+ Kd6 83.Ra5 Rh3 84.Kd4 Rh4+ 85.Ke3 Rh3+
86.Ke4 Rh4+ 87.Nf4 Rg4 88.Rf5 Kc6 89.Kd4 Kd6 90.Ke4 Kc6 91.Rf6+ Kc5 92.Kf5 Rg1
93.Ne6+ Kd5 94.Nc7+ Kc5 95.Ke6 Re1+ 96.Kd7 Rd1+ 97.Kc8 Rh1 98.Ne6+ Kd5 99.Ng5 Ra1
100.Rf5+ Kc6 101.Rf6+ Kd5 102.Kd7 Ra7+ 103.Ke8 Ra8+ 104.Kf7 Ra7+ 105.Kg6 Ra1
106.Kf5  1/2-1/2

[Event "RUS-Cup07"]
[Site "Tomsk"]
[Date "1998.??.??"]
[Round "4"]
[White "Belozerov, Andrei"]
[Black "Bocharov, Dmitry"]
[Result "0-1"]
[WhiteElo "2455"]
[BlackElo "2245"]

1.Nf3 d5 2.c4 c6 3.e3 Nf6 4.Nc3 e6 5.d4 Nbd7 6.Be2 dxc4 7.a4 Bb4 8.Bxc4 O-O
9.O-O Qe7 10.Qc2 e5 11.Bb3 b6 12.Rd1 Bb7 13.Qf5 Rae8 14.Bd2 c5 15.dxe5 Nxe5
16.Qxe5 Qxe5 17.Nxe5 Rxe5 18.Ne2 Rg5 19.Ng3 Bxd2 20.Rxd2 Re5 21.Bc4 h5 22.Ra3 Rfe8
23.h3 h4 24.Ne2 Ne4 25.Rd7 R5e7 26.Rad3 Nf6 27.R7d6 Re4 28.b3 R8e7 29.Nf4 Kh7
30.Rd1 R4e5 31.Kf1 Ne4 32.Rd7 g5 33.Rxe7 Rxe7 34.Nd5 Rd7 35.Bd3 Bxd5 36.Bxe4+ Bxe4
37.Rxd7 Bc2 38.Rxf7+ Kg6 39.Rxa7 Bxb3 40.Ra6 Bc4+  0-1

[Event "RUS-Cup07"]
[Site "Tomsk"]
[Date "1998.??.??"]
[Round "6"]
[White "Bocharov, Dmitry"]
[Black "Iskusnyh, Sergei"]
[Result "1-0"]
[WhiteElo "2245"]
[BlackElo "2455"]

1.d4 d5 2.c4 c6 3.Nf3 Nf6 4.Nc3 e6 5.e3 Nbd7 6.Bd3 dxc4 7.Bxc4 b5 8.Be2 a6
9.e4 b4 10.e5 bxc3 11.exf6 Nxf6 12.bxc3 Bd6 13.Ne5 O-O 14.Nc4 Be7 15.Bf3 Nd5
16.Ne5 Qc7 17.c4 Bd6 18.cxd5 Bxe5 19.dxe5 Qxe5+ 20.Be3 Qc3+ 21.Bd2 Qe5+ 22.Be2 exd5
23.O-O c5 24.Rc1 d4 25.Re1 Qd6 26.Qc2 Rb8 27.Bd3 Be6 28.Bxh7+ Kh8 29.Qe4 Qe7
30.Bf5 Rb2 31.Rc2 Rb6 32.Rxc5 Re8 33.Re5  1-0

[Event "RUS-ch sf"]
[Site "Tula"]
[Date "1998.??.??"]
[Round "1"]
[White "Sergienko, Sergey"]
[Black "Poliakov, Alexander"]
[Result "1-0"]
[WhiteElo "2405"]
[BlackElo "2250"]

1.d4 d5 2.c4 c6 3.e3 Nf6 4.Nc3 e6 5.Nf3 Nbd7 6.Qc2 Bd6 7.Be2 O-O 8.O-O dxc4
9.Bxc4 b5 10.Bd3 Bb7 11.e4 e5 12.dxe5 Nxe5 13.Nxe5 Bxe5 14.h3 a6 15.Be3 Rc8
16.Rad1 Qe7 17.f4 Bxc3 18.bxc3 c5 19.e5 Nd5 20.Bc1 h6 21.Rfe1 b4 22.Bf5 Nxc3
23.Bxc8 Rxc8 24.Rd2 Qh4 25.Rf2 Bd5 26.Bb2 Nb5 27.Rd1 Bxa2 28.Qa4 Qh5 29.Rc1 Be6
30.Qxa6 Nc7 31.Qb7 Ne8 32.Qe7 Qg6 33.Rxc5 Ra8 34.Kh2 Qe4 35.Rcc2 b3 36.Rcd2 Kh7
37.Rd8 Rxd8 38.Qxd8 Qc6 39.f5 Bd5 40.Rd2 Be4 41.Qd7 Bxg2 42.Qxf7 Be4 43.e6 Qb5
44.Bxg7 Nxg7 45.Qg6+  1-0

[Event "RUS-ch sf"]
[Site "Tula"]
[Date "1998.??.??"]
[Round "1"]
[White "Sosulin, Eduard"]
[Black "Shabanov, Yuri"]
[Result "1/2-1/2"]
[WhiteElo "2295"]
[BlackElo "2495"]

1.d4 d5 2.c4 c6 3.Nc3 Nf6 4.e3 e6 5.Nf3 Nbd7 6.Bd3 Bd6 7.O-O O-O 8.e4 dxe4
9.Nxe4 Nxe4 10.Bxe4 h6 11.Bc2 e5 12.b3 Re8 13.Re1 Bb4 14.Bd2 Bxd2 15.Qxd2 exd4
16.Rxe8+ Qxe8 17.Re1 Qf8 18.Nxd4 Nf6 19.b4 Bd7 20.c5 Re8 21.h3 Rxe1+ 22.Qxe1 Qe8
23.Qxe8+ Nxe8 24.Bf5  1/2-1/2

[Event "RUS-ch sf"]
[Site "Tula"]
[Date "1998.??.??"]
[Round "4"]
[White "Dokuchaev, Aleksander"]
[Black "Rodin, Mihail"]
[Result "1/2-1/2"]
[WhiteElo "2425"]
[BlackElo "2390"]

1.d4 d5 2.c4 e6 3.Nf3 Nf6 4.Nc3 c6 5.e3 Nbd7 6.Bd3 Bd6 7.e4 dxe4 8.Nxe4 Nxe4
9.Bxe4 c5 10.O-O Qc7 11.dxc5 Nxc5 12.Bc2 b6 13.b4 Nd7 14.Be4 Rb8 15.Bb2 Bxb4
16.Bxg7 Rg8 17.Qd4 Bb7  1/2-1/2

[Event "RUS-ch sf"]
[Site "Tula"]
[Date "1998.??.??"]
[Round "4"]
[White "Svirin, O."]
[Black "Evseev, Denis"]
[Result "1/2-1/2"]
[WhiteElo "2380"]
[BlackElo "2455"]

1.Nf3 d5 2.d4 Nf6 3.c4 c6 4.Nc3 e6 5.e3 Nbd7 6.Qc2 Bd6 7.Be2 O-O 8.O-O dxc4
9.Bxc4 b5 10.Bd3 Bb7 11.e4 e5 12.dxe5 Nxe5 13.Nxe5 Bxe5 14.h3 b4 15.Ne2 c5
16.Be3 Rc8 17.Rad1 c4 18.Bxc4 Qc7 19.b3  1/2-1/2

[Event "RUS-ch sf"]
[Site "Tula"]
[Date "1998.??.??"]
[Round "5"]
[White "Sergienko, Sergey"]
[Black "Staroverov, Leonid"]
[Result "1-0"]
[WhiteElo "2405"]
[BlackElo "2335"]

1.d4 d5 2.c4 c6 3.e3 Nf6 4.Nc3 e6 5.Nf3 Nbd7 6.Qc2 Bd6 7.Be2 O-O 8.O-O Re8
9.b3 e5 10.dxe5 Nxe5 11.cxd5 cxd5 12.Bb2 Bg4 13.Nxe5 Bxe5 14.h3 Bxe2 15.Nxe2 Rc8
16.Qb1 Ne4 17.Bxe5 Rxe5 18.Qb2 Re7 19.Rac1 Rec7 20.Rxc7 Rxc7 21.Rd1 Rd7 22.Qe5 h6
23.Nf4 Nf6 24.Qd4 b6 25.Rc1 Qa8 26.Qe5 Qe8 27.Qd4 Qe4 28.Ne2 Kf8 29.Rc8+ Ke7
30.Qc3 Rd8 31.Qc7+ Rd7 32.Qb8 h5 33.Nd4 g6 34.Rh8  1-0

[Event "RUS-ch sf"]
[Site "Tula"]
[Date "1998.??.??"]
[Round "6"]
[White "Bratchenko, Alexander"]
[Black "Rodin, Mihail"]
[Result "0-1"]
[WhiteElo "2355"]
[BlackElo "2390"]

1.d4 d5 2.c4 e6 3.Nf3 Nf6 4.Nc3 c6 5.e3 Nbd7 6.Bd3 Bd6 7.O-O O-O 8.e4 dxc4
9.Bxc4 e5 10.h3 Qe7 11.Re1 Rd8 12.Ng5 Rf8 13.Be3 exd4 14.Bxd4 Ne5 15.Bb3 c5
16.Be3 c4 17.Bc2 h6 18.Nf3 Nxf3+ 19.Qxf3 Qe5 20.g3 Qe6 21.Bd4 Be5 22.Bxe5 Qxe5
23.Qg2 b5 24.f4 Qc5+ 25.Kh2 Bb7 26.Qe2 b4 27.Na4 Qc6 28.e5 Rfe8 29.Qf2 Nd7
30.Rad1 Rad8 31.Rd6 Qc7 32.Red1 Nf8 33.Nc5 Rxd6 34.exd6 Qb6 35.Kg1 Ba8 36.d7 Rd8
37.Ba4 c3 38.bxc3 bxc3 39.Rc1 Qd6 40.Rd1 Qb6 41.Rc1 Qb4 42.f5 Qc4 43.a3 Nxd7
44.Bxd7 Rb8 45.Ba4 Qd5 46.Kh2 Rb2 47.Bc2 Qd2 48.Qxd2 cxd2 49.Rd1 Rxc2 50.Nb3 Bd5
51.Nxd2 Bf3  0-1

[Event "RUS-ch sf"]
[Site "Tula"]
[Date "1998.??.??"]
[Round "6"]
[White "Sergienko, Sergey"]
[Black "Shestakov, Sergei S"]
[Result "0-1"]
[WhiteElo "2405"]
[BlackElo "2325"]

1.d4 d5 2.c4 c6 3.e3 Nf6 4.Nc3 e6 5.Nf3 Nbd7 6.Qc2 Bd6 7.Be2 O-O 8.O-O Qe7
9.b3 dxc4 10.bxc4 e5 11.Nh4 Nb8 12.Rb1 Re8 13.g3 Na6 14.c5 Bc7 15.f4 exd4
16.exd4 Ba5 17.Bxa6 bxa6 18.Bd2 Bxc3 19.Qxc3 Be6 20.Rfe1 Qd7 21.a3 Bd5 22.f5 Be4
23.Rbd1 Bxf5 24.Nxf5 Qxf5 25.Rf1 Qd7 26.Bf4 Nd5 27.Qf3 Re6 28.Rde1 Rae8 29.Rxe6 Qxe6
30.Bd6 f6 31.Rb1 Qf7 32.Qd3 a5 33.Qa6 Qg6 34.Rd1 Qe4 35.Rc1 Qe3+  0-1

[Event "RUS-ch sf"]
[Site "Tula"]
[Date "1998.??.??"]
[Round "8"]
[White "Shestakov, Sergei S"]
[Black "Evseev, Denis"]
[Result "0-1"]
[WhiteElo "2325"]
[BlackElo "2455"]

1.Nf3 d5 2.c4 c6 3.e3 Nf6 4.Nc3 e6 5.d4 Nbd7 6.Qc2 Bd6 7.Be2 O-O 8.O-O dxc4
9.Bxc4 a6 10.Rd1 Qe7 11.a3 e5 12.h3 e4 13.Ng5 Nb6 14.Ba2 Bf5 15.f3 Rae8 16.Bb1 Nbd5
17.Ncxe4 Bg6 18.Qb3 Nxe4 19.Nxe4 Bb8 20.Bd2 Qc7 21.Nf2 Qh2+ 22.Kf1 f5 23.f4 Bh5
24.Re1 Re6 25.Bxf5 Rxf5 26.g4 Bf7 27.Qxb7 Re8 28.gxf5 Nxe3+ 29.Bxe3 Bc4+
30.Re2 Bxf4 31.Qxc6 Bxe2+ 32.Ke1 Bb5 33.Qd5+ Kh8  0-1

[Event "JUG Cup"]
[Site "Ulcinj"]
[Date "1998.??.??"]
[Round "3"]
[White "Marcetic, Nikola"]
[Black "Brenjo, Slavisa"]
[Result "0-1"]
[WhiteElo "2330"]
[BlackElo "2450"]

1.d4 e6 2.c4 d5 3.Nc3 Nf6 4.Nf3 c6 5.e3 Nbd7 6.Qc2 Bd6 7.Bd3 dxc4 8.Bxc4 O-O
9.O-O Qe7 10.Rd1 b5 11.Be2 a6 12.Ne4 Nxe4 13.Qxe4 Bb7 14.Bd2 Rab8 15.Rac1 c5
16.Qb1 c4 17.e4 e5 18.dxe5 Nxe5 19.Nd4 g6 20.Re1 Qh4 21.f4 Bc5 22.Be3 Nc6
23.Nc2 Bxe3+ 24.Nxe3 Qxf4 25.Nd5 Qe5 26.b3 Nd4 27.bxc4 bxc4 28.Qa1 Bxd5  0-1

[Event "Champions op"]
[Site "USA"]
[Date "1998.??.??"]
[Round "?"]
[White "Andrews, Todd D"]
[Black "Kaufman, Larry C"]
[Result "0-1"]
[WhiteElo "2145"]
[BlackElo "2410"]

1.d4 d5 2.c4 c6 3.Nf3 Nf6 4.Nc3 e6 5.e3 Nbd7 6.Qc2 Bd6 7.g4 Bb4 8.Bd2 Qe7
9.g5 Bxc3 10.Bxc3 Ne4 11.h4 b6 12.O-O-O Nxc3 13.Qxc3 Bb7 14.h5 h6 15.g6 fxg6
16.Bd3 g5 17.Bg6+ Kd8 18.e4 dxc4 19.Qxc4 Rf8 20.Ne5 Rc8 21.Kb1 Kc7 22.Nxd7 Qxd7
23.d5 exd5 24.Rxd5 Qe7 25.Bf5 Rcd8 26.Rhd1 Rxd5 27.exd5 Qd6 28.Bc2 Rxf2 29.dxc6 Qxc6
30.Qd3 Kb8 31.Qg3+ Rf4 32.Qb3 Qc4 33.Qe3 Be4 34.Bxe4 Qxe4+ 35.Qxe4 Rxe4 36.Rd7 Rh4
37.Rxg7 Rxh5 38.Kc2 Rh3 39.b4 a5 40.bxa5 bxa5  0-1

[Event "Val Thorens op"]
[Site "Val Thorens"]
[Date "1998.??.??"]
[Round "?"]
[White "Marzolo, Cyril"]
[Black "Cosma, Ioan"]
[Result "1/2-1/2"]
[WhiteElo "2355"]
[BlackElo "2480"]

1.d4 d5 2.c4 e6 3.Nc3 c6 4.e3 Nf6 5.Nf3 Nbd7 6.Qc2 Bd6 7.g4 dxc4 8.Bxc4 e5
9.g5 Nd5 10.dxe5 Nxe5 11.Nxe5 Bxe5 12.Qe4 Qe7 13.Nxd5 cxd5 14.Bxd5 Qxg5 15.h4 Qe7
16.Bd2 a5 17.O-O-O g6 18.f4 Bf6 19.Qxe7+ Kxe7 20.e4 Be6 21.Bxe6 Kxe6 22.f5+ Ke7
23.Bf4 Rhc8+ 24.Kb1 Rc4 25.Bd6+ Ke8 26.fxg6 hxg6 27.Rdf1 Be7 28.Bxe7 Kxe7
29.Rf4 Ra6 30.h5 gxh5 31.Rxh5 Rd6 32.b3 Rd1+ 33.Kb2 Rd2+ 34.Kb1 Rcc2 35.Re5+ Kf8
36.Rxa5 Rg2 37.Rf1 Rb2+ 38.Ka1 Rbe2 39.Ra7 Kg7 40.Rxb7 Rxa2+ 41.Kb1 Rab2+  1/2-1/2

[Event "Vienna op 13th"]
[Site "Vienna"]
[Date "1998.??.??"]
[Round "?"]
[White "Lehner, Oliver"]
[Black "Ballon, Guenther Jan"]
[Result "1-0"]
[WhiteElo "2420"]
[BlackElo "2235"]

1.d4 d5 2.c4 c6 3.Nf3 e6 4.e3 Nf6 5.Nc3 Nbd7 6.Bd3 Bd6 7.e4 dxe4 8.Nxe4 Nxe4
9.Bxe4 O-O 10.O-O e5 11.dxe5 Nxe5 12.Nxe5 Bxe5 13.Bxh7+ Kxh7 14.Qh5+ Kg8
15.Qxe5 Re8 16.Qf4 Re2 17.b3 Qa5 18.Qg3 Bf5 19.a3 Rae8 20.b4 Qe5 21.Qxe5 R8xe5
22.Be3 Bd3 23.Rfc1 Re4 24.Bxa7 Rxc4 25.h3 b5 26.Rd1 Rc3 27.a4 bxa4 28.Rxa4 Rb3
29.Raa1 Kh7 30.Bc5 Re6 31.Ra7 Kg6 32.Kh2 Kf6 33.Rd7 Be4 34.R1d4 g5 35.f3 Bd5
36.h4 Re2 37.hxg5+ Kxg5 38.Rg4+ Kf5 39.Rg7 Kf6 40.Bd4+ Kf5 41.Rd6 Be6 42.Rxc6 Rxb4
43.Rc5+ Kf4 44.Rh7  1-0

[Event "Vienna op 13th"]
[Site "Vienna"]
[Date "1998.??.??"]
[Round "?"]
[White "Lehner, Oliver"]
[Black "Mantzouneas, Nikolaos"]
[Result "1-0"]
[WhiteElo "2420"]
[BlackElo "2030"]

1.d4 d5 2.c4 c6 3.Nf3 Nf6 4.Nc3 e6 5.e3 Bd6 6.Bd3 Nbd7 7.O-O O-O 8.e4 dxe4
9.Nxe4 Nxe4 10.Bxe4 Nf6 11.Bc2 h6 12.Bd2 c5 13.Bc3 cxd4 14.Qxd4 Be7 15.Qf4 Bd7
16.Rad1 Qc8 17.Ne5 Be8 18.Rd3 Nh7 19.Rg3 Bg5 20.Qd4 f6 21.Qd3 f5 22.f4 Bf6
23.Bb4 Bxe5 24.Bxf8 Bxb2 25.Bd6 Nf6 26.Rb1 Ne4 27.Rxb2 Qc6 28.Be5 Nxg3 29.hxg3 Qc5+
30.Kh2 Bc6 31.Bb3 Re8 32.Qd6  1-0

[Event "Vienna op 13th"]
[Site "Vienna"]
[Date "1998.??.??"]
[Round "?"]
[White "Marcetic, Nikola"]
[Black "Kujovic, Michal"]
[Result "1/2-1/2"]
[WhiteElo "2330"]
[BlackElo "2230"]

1.d4 d5 2.c4 c6 3.Nf3 Nf6 4.e3 e6 5.Nc3 Be7 6.Qc2 O-O 7.b3 Nbd7 8.Bb2 Qa5
9.Bd3 Rd8 10.O-O h6 11.a3 dxc4 12.Bxc4 Qc7 13.b4 a5 14.Qb3 Nb6 15.Be2 Nbd5
16.bxa5 Rxa5 17.Rfc1 Qb6 18.Qc2 Qa7 19.Ne5 Nxc3 20.Qxc3 Nd5 21.Qb3 Bd7 22.a4 Qb6
23.Qc2 Qc7 24.e4 Nb6 25.Bc3 Ra7 26.a5 Nc8 27.Qd3 Be8 28.Nc4 Bg5 29.Rd1 c5
30.d5 Bb5 31.Qf3 exd5 32.Rxd5 Rxd5 33.exd5 Ra6 34.Rb1 Bxc4 35.Bxc4 Ra8 36.a6 Ra7
37.axb7 Rxb7 38.Rxb7 Qxb7 39.g3 Nb6 40.Qe4 Nxc4 41.Qxc4 Qb1+ 42.Kg2 Qc2 43.Qxc5  1/2-1/2

[Event "AUT-chT qual"]
[Site "Vienna"]
[Date "1998.??.??"]
[Round "2"]
[White "Weissenbeck, Manuel"]
[Black "Kranewitter, Norbert"]
[Result "1/2-1/2"]
[WhiteElo "2195"]
[BlackElo "2205"]

1.d4 d5 2.c4 c6 3.Nf3 Nf6 4.Nc3 e6 5.e3 Nbd7 6.Bd3 dxc4 7.Bxc4 b5 8.Bd3 Bb7
9.O-O Be7 10.Qe2 h6 11.e4 b4 12.Na4 c5 13.e5 Nd5 14.Nxc5 Nxc5 15.dxc5 Bxc5
16.Bb5+ Kf8 17.Bd2 Qb6  1/2-1/2

[Event "Donau op"]
[Site "Vienna"]
[Date "1998.??.??"]
[Round "8"]
[White "Rittler, Robert"]
[Black "Mayr, Thomas"]
[Result "1/2-1/2"]
[WhiteElo "2235"]
[BlackElo "2060"]

1.d4 d5 2.c4 c6 3.Nc3 Nf6 4.e3 e6 5.Nf3 Nbd7 6.Qc2 Bd6 7.Bd3 O-O 8.e4 dxc4
9.Bxc4 e5 10.Bg5 exd4 11.Nxd4 Ne5 12.Be2 h6 13.Bh4 Ng6 14.Bxf6 Qxf6 15.Nf3 Bb4  1/2-1/2

[Event "CHI-ch"]
[Site "Vina del Mar"]
[Date "1998.??.??"]
[Round "5"]
[White "Vasquez, Rodrigo"]
[Black "Egger, Jorge"]
[Result "1-0"]
[WhiteElo "2485"]
[BlackElo "2400"]

1.d4 Nf6 2.c4 c6 3.Nf3 d5 4.e3 e6 5.Nc3 Nbd7 6.Qc2 Bd6 7.b3 O-O 8.Be2 e5
9.cxd5 Nxd5 10.Nxd5 cxd5 11.dxe5 Nxe5 12.Nd4 Bd7 13.O-O Re8 14.Bb2 Qh4 15.g3 Qh3
16.Rfd1 Ng4 17.Nf3 d4 18.Bf1 Qh5 19.Rxd4 Bc6 20.Rxd6 Bxf3 21.h3 Rac8 22.Qd2 Ne5
23.Bxe5 Qxe5 24.Rd4 Be4 25.Rc1 Rxc1 26.Qxc1 g6 27.Bg2 Bxg2 28.Kxg2 h5 29.Qc4 Re7
30.h4 Kh7 31.Rd8 Kg7 32.Ra8 a6 33.Qc8 Qd5+ 34.Kh2 Kf6 35.Qh8+ Kf5 36.Rd8 Rd7
37.e4+  1-0

[Event "Vlissingen HZ op"]
[Site "Vlissingen"]
[Date "1998.??.??"]
[Round "6"]
[White "Safin, Shukhrat"]
[Black "Kuipers, Eelco"]
[Result "1-0"]
[WhiteElo "2510"]
[BlackElo "2230"]

1.d4 Nf6 2.Nf3 d5 3.c4 e6 4.Nc3 c6 5.e3 Be7 6.Qc2 Nbd7 7.Bd2 b6 8.e4 dxe4
9.Nxe4 Bb7 10.O-O-O Qc7 11.Nc3 a6 12.g3 Bd6 13.Bg2 h6 14.Rhe1 O-O-O 15.c5 bxc5
16.Na4 cxd4 17.Nxd4 Nd5 18.Rxe6 c5 19.Ba5 Qxa5 20.Rxd6 Nb4 21.Bxb7+ Kxb7
22.Nb3 Qc7 23.Qc4 Ne5 24.Naxc5+ Ka7 25.Qxb4 Rxd6  1-0

[Event "Atlantic op"]
[Site "Washington"]
[Date "1998.??.??"]
[Round "5"]
[White "Kacheishvili, Giorgi"]
[Black "Stripunsky, Alexander"]
[Result "1/2-1/2"]
[WhiteElo "2510"]
[BlackElo "2520"]

1.d4 d5 2.c4 c6 3.Nc3 Nf6 4.e3 e6 5.Nf3 Nbd7 6.Qc2 Bd6 7.Bd3 O-O 8.O-O dxc4
9.Bxc4 b5 10.Bd3 Bb7 11.e4 e5 12.Ne2 c5 13.dxe5 Nxe5 14.Nxe5 Bxe5 15.Bxb5 Bxe4
16.Qa4 Qb6 17.Nc3 Bb7 18.Re1 Bd4 19.Be3 Rad8 20.Rad1 Ng4 21.Bxd4 Rxd4 22.Rxd4 cxd4
23.Ne4 d3 24.h3 Bxe4  1/2-1/2

[Event "Wattens op 13th"]
[Site "Wattens"]
[Date "1998.??.??"]
[Round "8"]
[White "Link, Ulrich"]
[Black "Kondrak, Christoph"]
[Result "1-0"]
[WhiteElo "2205"]
[BlackElo "2145"]

1.d4 d5 2.c4 e6 3.Nf3 c6 4.e3 Nf6 5.Nc3 Nbd7 6.Qc2 Be7 7.b3 O-O 8.Bd3 h6
9.O-O b6 10.Rb1 Ba6 11.e4 dxe4 12.Nxe4 c5 13.dxc5 Nxc5 14.Nxf6+ Bxf6 15.Bh7+ Kh8
16.b4 Nd7 17.Be4 Rc8 18.b5 Nc5 19.bxa6 Qc7 20.Ba3 Rfd8 21.Bxc5 Qxc5 22.Bd3 Qa3
23.Rfd1 Rc5 24.Rb5 Rc7 25.Ne5 Qxa6 26.Qe2 Qa3 27.Ng4 Bg5 28.g3 Rd4 29.h4 Be7
30.Ne5 Bf8 31.Nf3 Rd8 32.h5 Rcd7 33.Ne5 Rc7 34.Qe4 f5 35.Ng6+ Kh7 36.Nxf8+ Qxf8
37.Qxe6 Kh8 38.Rxf5 Qg8 39.Qxg8+ Kxg8 40.Rd5  1-0

[Event "Wattens op 13th"]
[Site "Wattens"]
[Date "1998.??.??"]
[Round "8"]
[White "Farago, Ivan"]
[Black "Kuporosov, Viktor"]
[Result "1/2-1/2"]
[WhiteElo "2530"]
[BlackElo "2500"]

1.d4 d5 2.c4 c6 3.Nc3 Nf6 4.e3 e6 5.Nf3 Nbd7 6.Qc2 Bd6 7.Bd3 O-O 8.O-O dxc4
9.Bxc4 b5 10.Be2 Bb7 11.Rd1 Qc7 12.Bd2 Rfe8 13.Rac1 Rac8 14.h3 a6 15.b4 e5
16.a3 h6 17.Bd3 exd4 18.exd4 Nb6 19.Qb3 Rcd8 20.a4 Qb8  1/2-1/2

[Event "POL-chT2"]
[Site "Wisla"]
[Date "1998.??.??"]
[Round "?"]
[White "Kosiorek, Marek"]
[Black "Chmielarz, Zenon"]
[Result "1-0"]
[WhiteElo "2360"]
[BlackElo "2160"]

1.d4 d5 2.c4 c6 3.Nc3 Nf6 4.e3 e6 5.Nf3 Bd6 6.Bd3 Nbd7 7.O-O O-O 8.e4 dxc4
9.Bxc4 e5 10.Bg5 b5 11.Bb3 b4 12.Na4 h6 13.Bh4 g5 14.Bg3 Re8 15.dxe5  1-0

[Event "POL-chT2"]
[Site "Wisla"]
[Date "1998.??.??"]
[Round "?"]
[White "Lorenc, Marian"]
[Black "Matlak, Jacek"]
[Result "0-1"]
[WhiteElo "2190"]
[BlackElo "2255"]

1.Nf3 d5 2.c4 e6 3.d4 c6 4.Nc3 Nf6 5.e3 Nbd7 6.Bd3 dxc4 7.Bxc4 b5 8.Be2 Bb7
9.O-O a6 10.Ng5 h6 11.Nxe6 fxe6 12.Bh5+ Nxh5 13.Qxh5+ Ke7 14.e4 Qe8 15.Qh3 Nf6
16.f4 Rd8 17.f5 Kd7 18.e5 Nh7 19.Ne4 Kc7 20.fxe6 Rxd4 21.Nd6 Rxd6 22.exd6+ Bxd6
23.Rf7+ Kb8 24.Rd7 Ng5 25.Qe3 Bc7 26.Rxc7 Nxe6 27.Rxb7+ Kxb7 28.Qc3 Nd4 29.Kh1 Rf8
30.Be3 Nc2 31.Qxc2 Qxe3 32.h3 Rf2 33.Qg6 Qg5 34.Qe4 Qf6 35.Rd1 Rf1+ 36.Rxf1 Qxf1+
37.Kh2 Qf6 38.b4 g5 39.Kg1 Qd6 40.a3 Qf6 41.Qh7+ Kb6 42.Qg8 Qd4+ 43.Kf1 Qc4+
44.Qxc4 bxc4  0-1

[Event "POL-chT2"]
[Site "Wisla"]
[Date "1998.??.??"]
[Round "?"]
[White "Zielinska, Marta"]
[Black "Zielinska, J."]
[Result "1/2-1/2"]
[WhiteElo "2365"]
[BlackElo "2150"]

1.d4 d5 2.c4 c6 3.Nc3 Nf6 4.Nf3 e6 5.e3 Be7 6.Qc2 O-O 7.Be2 dxc4 8.Bxc4 Nbd7
9.O-O b5 10.Bd3 a6 11.Rd1 Qc7 12.e4 c5 13.e5 c4 14.Bf1 Nd5 15.Nxd5 exd5 16.Ng5 Bxg5
17.Bxg5 f6 18.exf6 Nxf6 19.f3 Nh5 20.Re1 Nf4 21.Re5 Ne6 22.Be3 Qd6 23.Qd2 Ra7
24.g3 Raf7 25.Bg2 Nd8 26.f4 Be6 27.g4 Bxg4 28.Bxd5 Be6 29.Bg2 Rf6 30.d5 Bc8
31.b4 cxb3 32.axb3 Nf7 33.Bd4 Rg6 34.Kh1 Bb7 35.Be4 Nxe5 36.Bxe5 Qd7 37.Rc1 Rd8
38.Rc5 Qg4 39.Rc1 Qd7 40.Rd1 Qg4 41.b4 Qh3 42.Qa2 Kh8 43.Qe2 Bc8 44.Rd3 Qh4
45.d6 Bg4 46.Qf1 Qh5 47.Bxg6 hxg6 48.Rg3 Qf5 49.Qa1 Rc8 50.Bxg7+ Kh7 51.Rc3 Qd5+
52.Kg1 Rxc3 53.Qxc3 Qxd6 54.Be5 Qd1+ 55.Kf2  1/2-1/2

[Event "S&W Masters 8th op"]
[Site "Witley"]
[Date "1998.??.??"]
[Round "9"]
[White "Bekker Jensen, David"]
[Black "Haslinger, Stewart"]
[Result "0-1"]
[WhiteElo "2200"]
[BlackElo "2225"]

1.d4 d5 2.c4 e6 3.Nc3 c6 4.e3 Nf6 5.Nf3 Nbd7 6.Qc2 Bd6 7.b3 O-O 8.Be2 Re8
9.O-O Qe7 10.Rd1 b6 11.e4 Nxe4 12.Nxe4 dxe4 13.Qxe4 Bb7 14.Bf4 Bxf4 15.Qxf4 c5
16.Qc7 Rab8 17.dxc5 Nxc5 18.Qxe7 Rxe7 19.b4 Ne4 20.Rac1 Rc8 21.Nd4 g6 22.f3 Nf6
23.c5 bxc5 24.bxc5 Rec7 25.Nb3 Nd7 26.Na5 Nxc5 27.Rxc5 Rxc5 28.Nxb7 Rc2 29.Nd6 Rb8
30.Bf1 Rd8 31.Rd3 Rxa2 32.Ne4 Rxd3 33.Bxd3 a5 34.h4 a4 35.Kh2 a3 36.Nc3 Rb2
37.Na4 Rb4  0-1

[Event "Zadar op"]
[Site "Zadar"]
[Date "1998.??.??"]
[Round "3"]
[White "Jovanic, Ognjen"]
[Black "Petrov, Jole"]
[Result "0-1"]
[WhiteElo "2285"]
[BlackElo "2335"]

1.d4 d5 2.c4 c6 3.e3 Nf6 4.Nc3 e6 5.Nf3 Nbd7 6.Qc2 Bd6 7.b3 O-O 8.Bb2 Qe7
9.Be2 b6 10.O-O Bb7 11.Rac1 Rfe8 12.Rfd1 Rad8 13.Qb1 a6 14.Bd3 h6 15.Re1 dxc4
16.bxc4 c5 17.Ne4 cxd4 18.exd4 Nxe4 19.Bxe4 Nf6 20.Bxb7 Qxb7 21.d5 exd5 22.Bxf6 gxf6
23.Qf5 Rxe1+ 24.Rxe1 Bf8 25.Rd1 Qc8 26.Qxc8 Rxc8 27.cxd5 Rc2 28.Kf1 Bd6 29.Rd2 Rxd2
30.Nxd2 Kf8 31.Ke2 f5 32.Kd3 Ke7 33.Kc4 Bxh2 34.Nf3 Bd6 35.Nd4 Kf6 36.Nc6 h5
37.Kd3 h4 38.Ke3 Kg5 39.Nd8 Kf6 40.f4 Bc5+ 41.Kd3 Ke7 42.Nc6+ Kd6 43.Ne5 Kxd5
44.Nxf7 Bd6 45.Ng5 Bxf4 46.Nf3 Bg3 47.Nd2 b5 48.Nb3 Be5 49.Nd2 a5 50.Nf3 Bf6
51.Ne1 b4 52.Nc2 f4 53.Ne1 a4  0-1